[Event "XIV Festival"]
[Site "Padova ITA"]
[Date "2011.12.11"]
[Round "1"]
[White "Astengo, Corrado"]
[Black "Djuric, Stefan"]
[WhiteElo "2095"]
[BlackElo "2459"]
[Result "0-1"]
[PlyCount "100"]
[EventDate "2011.12.11"]

1. e4 e5 2. Nf3 Nc6 3. Nc3 Nf6 4. Bb5 Bb4 5. O-O O-O 6. d3 d6 7. Bg5 Bxc3 8.
bxc3 h6 9. Bh4 Qe7 10. h3 Nd8 11. Qd2 Ne6 12. Rfe1 Nf4 13. d4 Ng6 14. Bd3 c5
15. Bg3 Nh5 16. Rad1 Nxg3 17. fxg3 Be6 18. Qf2 cxd4 19. cxd4 Qc7 20. a4 Bd7 21.
Ra1 b6 22. Qd2 Rac8 23. Reb1 a5 24. Qf2 Rb8 25. Nd2 exd4 26. Qxd4 Ne5 27. Nc4
Bxh3 28. Nxb6 Be6 29. Nd5 Bxd5 30. exd5 Rfe8 31. Rb5 Rbc8 32. Bf5 Ra8 33. Rab1
Qe7 34. Rb7 Qf6 35. Qf4 Qd8 36. Be4 Rc8 37. Qf5 g6 38. Qf1 Qg5 39. Qf4 Rc4 40.
Qxg5 hxg5 41. Bd3 Rd4 42. Bb5 Rc8 43. c4 Kg7 44. Ra7 Rd2 45. Rxa5 g4 46. Ra7
Rh8 47. c5 Nf3+ 48. gxf3 gxf3 49. Bf1 Rdh2 50. cxd6 f2# 0-1

[Event "XIV Festival"]
[Site "Padova ITA"]
[Date "2011.12.11"]
[Round "1"]
[White "Epishin, Vladimir V."]
[Black "Sorbera, Giovanni"]
[WhiteElo "2543"]
[BlackElo "2140"]
[Result "1-0"]
[PlyCount "56"]
[EventDate "2011.12.11"]

1. d4 Nf6 2. Nf3 g6 3. Bf4 Bg7 4. e3 d6 5. h3 Nbd7 6. Be2 O-O 7. O-O c6 8. Nbd2
b5 9. a4 bxa4 10. Rxa4 Nd5 11. Bg3 f5 12. c4 N5b6 13. Ra5 f4 14. Bxf4 Nd5 15.
cxd5 Qxa5 16. dxc6 Nb6 17. Qb3+ Kh8 18. Bg5 Bf6 19. Bh6 Bg7 20. Bxg7+ Kxg7 21.
Rc1 Qd5 22. Qa3 Bf5 23. Ba6 Rae8 24. b4 e5 25. dxe5 dxe5 26. Bf1 Re7 27. b5
Rfe8 28. e4 Bxe4 1-0

[Event "XIV Festival"]
[Site "Padova ITA"]
[Date "2011.12.11"]
[Round "1"]
[White "Gallo, Enrico"]
[Black "Fercec, Nenad"]
[WhiteElo "2063"]
[BlackElo "2451"]
[Result "1/2-1/2"]
[PlyCount "116"]
[EventDate "2011.12.11"]

1. e4 c5 2. Nf3 d6 3. d4 cxd4 4. Nxd4 Nf6 5. Nc3 a6 6. Bc4 e6 7. Bb3 b5 8. Qe2
Qb6 9. Be3 Qb7 10. f3 Nbd7 11. O-O-O Nc5 12. g4 Be7 13. g5 Nfd7 14. h4 Nb6 15.
a3 Nba4 16. Bd2 Bd7 17. Nxa4 Nxb3+ 18. Nxb3 bxa4 19. Na5 Qc7 20. Kb1 Rb8 21.
Bb4 Rb5 22. Qd2 O-O 23. c4 Rxa5 24. Bxa5 Qxc4 25. Bb4 e5 26. Qd3 Qxd3+ 27. Rxd3
Bb5 28. Rd2 f6 29. Bxd6 Bxd6 30. Rxd6 fxg5 31. hxg5 Rxf3 32. Kc2 Rg3 33. Rd8+
Kf7 34. Rxh7 Rxg5 35. Rd6 Rg4 36. Rb6 Kg8 37. Rh5 Rxe4 38. Rg5 Re2+ 39. Kc3
Re3+ 40. Kb4 Rb3+ 41. Kc5 Rxb2 42. Rb7 Rc2+ 43. Kd6 Rd2+ 44. Kxe5 Bd7 45. Rb6
Bb5 46. Rbg6 Rd7 47. Rd6 Rc7 48. Rg3 Rc5+ 49. Rd5 Rc8 50. Rd6 Rc5+ 51. Rd5 Rc1
52. Kf5 Kf7 53. Kg5 Ke6 54. Rf5 Bc6 55. Re3+ Kd6 56. Rd3+ Ke6 57. Re3+ Kd6 58.
Rd3+ Ke6 1/2-1/2

[Event "XIV Festival"]
[Site "Padova ITA"]
[Date "2011.12.11"]
[Round "1"]
[White "Kosic, Dragan"]
[Black "Parrella, Alfredo"]
[WhiteElo "2502"]
[BlackElo "2100"]
[Result "1-0"]
[PlyCount "87"]
[EventDate "2011.12.11"]

1. d4 d5 2. Bf4 Nf6 3. e3 c5 4. c3 Qb6 5. Qb3 Na6 6. Nd2 e6 7. Ngf3 c4 8. Qc2
Nh5 9. Be5 f6 10. Bg3 f5 11. b3 cxb3 12. axb3 Be7 13. Ne5 Bf6 14. Ndf3 g5 15.
Nd3 Nxg3 16. hxg3 h5 17. Nfe5 Bd7 18. Be2 g4 19. f3 Qc7 20. Kf2 Bb5 21. c4 Bc6
22. Nxc6 Qxc6 23. Nf4 h4 24. gxh4 gxf3 25. Bxf3 Bxh4+ 26. g3 Bf6 27. Rxh8+ Bxh8
28. Qd1 O-O-O 29. cxd5 Qb6 30. Nxe6 Rg8 31. Qd3 Qd6 32. Nf4 Qf6 33. Rh1 Qg5 34.
Ne2 Kb8 35. d6 f4 36. gxf4 Qd8 37. Rh7 Rg7 38. Rxg7 Bxg7 39. Qb5 Qc8 40. Bxb7
Qxb7 41. Qe8+ Qc8 42. d7 Qxe8 43. dxe8=Q+ Kb7 44. Qb5+ 1-0

[Event "XIV Festival"]
[Site "Padova ITA"]
[Date "2011.12.11"]
[Round "1"]
[White "Lazic, Miroljub"]
[Black "Milazzo, Mario"]
[WhiteElo "2459"]
[BlackElo "2088"]
[Result "1-0"]
[PlyCount "70"]
[EventDate "2011.12.11"]

1. g3 f5 2. Nf3 Nf6 3. c4 d6 4. d4 g6 5. b4 Bg7 6. Bb2 c6 7. Bg2 Bd7 8. O-O Na6
9. a3 Nc7 10. Nbd2 O-O 11. Qc2 Qc8 12. e3 h6 13. Rac1 g5 14. Rfe1 Qe8 15. e4
fxe4 16. Nxe4 Qg6 17. Nxf6+ Qxf6 18. Ba1 Rae8 19. Re3 Qf7 20. a4 a6 21. Rce1
Bf6 22. h3 Be6 23. d5 Bd7 24. Nd4 Qg7 25. dxc6 bxc6 26. Bxc6 Bxc6 27. Nxc6 Bxa1
28. Nxe7+ Kh8 29. Ng6+ Kg8 30. Nxf8 Kxf8 31. c5 Rxe3 32. Rxe3 d5 33. b5 axb5
34. axb5 Nxb5 35. Qb1 Nd4 1-0

[Event "XIV Festival"]
[Site "Padova ITA"]
[Date "2011.12.11"]
[Round "1"]
[White "Litrico, Paolo"]
[Black "Solomon, Kenny"]
[WhiteElo "1946"]
[BlackElo "2426"]
[Result "0-1"]
[PlyCount "115"]
[EventDate "2011.12.11"]

1. d4 d6 2. e4 Nf6 3. Nc3 g6 4. Nf3 Bg7 5. Be3 a6 6. Qd2 b5 7. Bd3 Bb7 8. a3
Ng4 9. Bg5 h6 10. Bh4 O-O 11. h3 Nf6 12. Qe3 Nbd7 13. e5 dxe5 14. dxe5 Nd5 15.
Nxd5 Bxd5 16. Be4 Bxe4 17. Qxe4 Nc5 18. Qe3 Ne6 19. O-O c5 20. c3 Qc7 21. Bg3
Rad8 22. Rad1 Rd7 23. Rfe1 Rfd8 24. Rxd7 Qxd7 25. Re2 Qd1+ 26. Kh2 c4 27. Re1
Qc2 28. Re2 Qd3 29. Qxd3 Rxd3 30. Rd2 Rxd2 31. Nxd2 Nc5 32. f4 Na4 33. b3 cxb3
34. Nxb3 Nxc3 35. Be1 Ne4 36. g3 f5 37. Kg2 Kf7 38. Bb4 Ke6 39. Kf3 Bf8 40. g4
Kd5 41. gxf5 gxf5 42. Ke3 Ng3 43. Nd4 h5 44. Nf3 Kc6 45. Nh4 a5 46. Bxa5 e6 47.
Bb4 Bxb4 48. axb4 Kd5 49. Ng6 Ne4 50. Ne7+ Kc4 51. Nc6 h4 52. Nd4 Nc3 53. Nxe6
Nd5+ 54. Kf3 Kxb4 55. Nd4 Ne7 56. Ke2 Kc4 57. Nf3 Ng6 58. Kd2 0-1

[Event "XIV Festival"]
[Site "Padova ITA"]
[Date "2011.12.11"]
[Round "1"]
[White "Naumkin, Igor"]
[Black "Giuriato, Sergio"]
[WhiteElo "2432"]
[BlackElo "1972"]
[Result "1-0"]
[PlyCount "63"]
[EventDate "2011.12.11"]

1. d4 Nf6 2. c4 e6 3. Nf3 d5 4. Bg5 Be7 5. e3 O-O 6. Nc3 Nbd7 7. Bd3 c5 8. cxd5
exd5 9. O-O Re8 10. h3 c4 11. Bc2 a6 12. Ne5 Qc7 13. f4 b5 14. Bxf6 Nxf6 15.
Qf3 Bb7 16. g4 b4 17. g5 bxc3 18. gxf6 Bxf6 19. bxc3 Bc6 20. Rf2 g6 21. Ng4 Bh4
22. Rg2 Kh8 23. Rf1 Re7 24. Ne5 Rae8 25. Qg4 Bf6 26. h4 Bxe5 27. fxe5 Qa5 28.
h5 Qxc3 29. Qg5 f5 30. Bxf5 Re6 31. hxg6 Rxg6 32. Bxg6 1-0

[Event "XIV Festival"]
[Site "Padova ITA"]
[Date "2011.12.11"]
[Round "1"]
[White "Quaranta, Cristiano"]
[Black "Bellini, Fabio"]
[WhiteElo "2118"]
[BlackElo "2513"]
[Result "0-1"]
[PlyCount "44"]
[EventDate "2011.12.11"]

1. d4 g6 2. Nf3 Bg7 3. c4 d6 4. Nc3 Nd7 5. e4 e5 6. Be2 c6 7. Be3 Ngf6 8. O-O
O-O 9. Qc2 Ng4 10. Bg5 Bf6 11. Bxf6 Ngxf6 12. Rad1 Qe7 13. dxe5 dxe5 14. Qd2
Nc5 15. Qg5 Re8 16. Nd2 a5 17. f4 Ne6 18. Qh4 Nxf4 19. Rf2 Be6 20. Bf1 Rad8 21.
g3 N4h5 22. Be2 h6 0-1

[Event "XIV Festival"]
[Site "Padova ITA"]
[Date "2011.12.11"]
[Round "1"]
[White "Solodovnichenko, Yuri"]
[Black "Santolini, Luigi"]
[WhiteElo "2629"]
[BlackElo "2197"]
[Result "1-0"]
[PlyCount "89"]
[EventDate "2011.12.11"]

1. e4 c5 2. Nf3 e6 3. g3 b6 4. Bg2 Bb7 5. Nc3 d6 6. d4 cxd4 7. Nxd4 Nc6 8. O-O
Rc8 9. Re1 Be7 10. Be3 Nf6 11. Ncb5 Nxd4 12. Qxd4 e5 13. Qa4 Bc6 14. Qa6 Bxb5
15. Qxb5+ Qd7 16. Qxd7+ Nxd7 17. c3 Nc5 18. Red1 O-O 19. h4 Rc7 20. a4 Nb3 21.
Ra2 Rb8 22. Bf1 g6 23. Kg2 Nc5 24. f3 f5 25. Bc4+ Kg7 26. Bd5 Nd7 27. exf5 gxf5
28. Be6 Kg6 29. g4 f4 30. Bf2 Nc5 31. Bd5 Nd7 32. Be1 Nf6 33. Be6 Bf8 34. b4
Rc6 35. a5 Rc7 36. Rd3 Re8 37. Bf5+ Kg7 38. Bf2 b5 39. a6 Rb8 40. Ra5 Ne8 41.
Rd5 Rxc3 42. Rdxb5 Rxb5 43. Rxb5 Rc7 44. Bxa7 d5 45. Bb8 1-0

[Event "XIV Festival"]
[Site "Padova ITA"]
[Date "2011.12.11"]
[Round "1"]
[White "Valenti, Giuseppe"]
[Black "Maiorov, Nikita"]
[WhiteElo "2147"]
[BlackElo "2558"]
[Result "0-1"]
[PlyCount "102"]
[EventDate "2011.12.11"]

1. e4 e5 2. Nf3 Nc6 3. Bb5 a6 4. Ba4 Nf6 5. O-O Be7 6. Re1 d6 7. c3 Bg4 8. h3
Bh5 9. d3 Nd7 10. Nbd2 O-O 11. Nf1 Nc5 12. Bc2 d5 13. Ng3 Bg6 14. b4 Ne6 15. a3
d4 16. c4 f6 17. Nh4 Bf7 18. Nhf5 Re8 19. Qg4 Kh8 20. h4 Bf8 21. h5 Qc8 22. Qh4
Qd8 23. Ba4 a5 24. Bd2 Ng5 25. Reb1 axb4 26. Bxc6 bxc6 27. axb4 Rxa1 28. Rxa1
Be6 29. Ra6 Bd7 30. c5 Kg8 31. f4 Nf7 32. Qg4 Kh8 33. Qh4 exf4 34. Qxf4 Bc8 35.
Ra3 g6 36. hxg6 hxg6 37. Qh4+ Kg8 38. Nh6+ Bxh6 39. Bxh6 Qe7 40. Bc1 g5 41. Qh5
Ne5 42. Ra8 Rf8 43. Bb2 Bg4 44. Rxf8+ Qxf8 45. Qh2 Nxd3 46. Bxd4 Qd8 47. Be3
Ne5 48. Qh6 Be2 49. Kh1 Bg4 50. Kg1 Qd3 51. Bf2 Qd1+ 0-1

[Event "XIV Festival"]
[Site "Padova ITA"]
[Date "2011.12.12"]
[Round "2"]
[White "Bellini, Fabio"]
[Black "Dragojlovic, Andjelko"]
[WhiteElo "2513"]
[BlackElo "2386"]
[Result "1-0"]
[PlyCount "73"]
[EventDate "2011.12.11"]

1. e4 c5 2. c3 g6 3. d4 cxd4 4. cxd4 d5 5. e5 Nc6 6. Nc3 Bg7 7. Bb5 Bd7 8. Nf3
a6 9. Bxc6 Bxc6 10. h4 Qd7 11. Bf4 h5 12. Qd3 Nh6 13. O-O Nf5 14. Rfe1 e6 15.
Bg5 O-O 16. Qd2 Kh7 17. Qf4 Rh8 18. Nd1 Bb5 19. Ne3 Bd3 20. g4 Nxe3 21. Rxe3
hxg4 22. Rxd3 gxf3 23. Rxf3 Raf8 24. Kg2 Kg8 25. Rc1 Rh5 26. Rfc3 Rh8 27. Rc7
Qb5 28. R1c3 b6 29. Be7 Bh6 30. Qf3 Re8 31. b3 a5 32. Ra7 a4 33. Rcc7 axb3 34.
Ba3 Rh7 35. Rxf7 Bg7 36. axb3 Rc8 37. h5 1-0

[Event "XIV Festival"]
[Site "Padova ITA"]
[Date "2011.12.12"]
[Round "2"]
[White "Boscolo, Federico"]
[Black "Naumkin, Igor"]
[WhiteElo "2270"]
[BlackElo "2432"]
[Result "1/2-1/2"]
[PlyCount "140"]
[EventDate "2011.12.11"]

1. e4 e6 2. d4 d5 3. Nd2 c5 4. exd5 Qxd5 5. Ngf3 cxd4 6. Bc4 Qd6 7. O-O Nf6 8.
Nb3 Nc6 9. Nbxd4 Nxd4 10. Qxd4 Bd7 11. Bf4 Qxd4 12. Nxd4 Rc8 13. Bb3 Bc5 14.
Rad1 O-O 15. c3 Rfd8 16. Rfe1 h6 17. h3 b5 18. a3 a5 19. Nf3 Bc6 20. Be3 Rxd1
21. Bxd1 Bxe3 22. Rxe3 Nd5 23. Rd3 b4 24. axb4 axb4 25. c4 Nf4 26. Rd4 Bxf3 27.
Bxf3 e5 28. Re4 Rc5 29. b3 f5 30. Re1 e4 31. Be2 Ra5 32. Bf1 Kf7 33. g4 g6 34.
gxf5 gxf5 35. f3 exf3 36. Kf2 Ne6 37. c5 Nxc5 38. Kxf3 Kf6 39. Bc4 Ne4 40. Rd1
Ra2 41. Kf4 Rf2+ 42. Ke3 Rh2 43. Rd8 Rxh3+ 44. Kf4 Rh4+ 45. Ke3 Ng5 46. Rd6+
Ke7 47. Rb6 f4+ 48. Kd4 f3+ 49. Ke3 Re4+ 50. Kf2 h5 51. Rxb4 Kf6 52. Rb6+ Ke5
53. Bd3 Rg4 54. Ke3 h4 55. Rb5+ Kd6 56. Rb8 Rg1 57. Rh8 h3 58. b4 Rd1 59. Bc4
Rc1 60. Bd3 Rc3 61. Rh5 Nf7 62. Kd2 Rb3 63. Rxh3 Ne5 64. Bf1 Rxb4 65. Ke3 Kd5
66. Rh5 Re4+ 67. Kf2 Kd4 68. Rxe5 Rxe5 69. Kxf3 Rf5+ 70. Ke2 Re5+ 1/2-1/2

[Event "XIV Festival"]
[Site "Padova ITA"]
[Date "2011.12.12"]
[Round "2"]
[White "Bove, Alessandro"]
[Black "Kosic, Dragan"]
[WhiteElo "2369"]
[BlackElo "2502"]
[Result "0-1"]
[PlyCount "86"]
[EventDate "2011.12.11"]

1. d4 e6 2. c4 Bb4+ 3. Nc3 Nf6 4. e3 c5 5. Bd3 cxd4 6. exd4 d5 7. Nge2 dxc4 8.
Bxc4 O-O 9. O-O Nc6 10. a3 Bd6 11. Qd3 Ne7 12. Ng3 Ng6 13. Rd1 Bd7 14. Nge4
Nxe4 15. Nxe4 Bc6 16. d5 exd5 17. Bxd5 Bxd5 18. Nxd6 Bc6 19. Be3 Qf6 20. Qf5
Qxb2 21. Bd4 Qb3 22. Qg4 Qe6 23. Nf5 Bd7 24. Bxg7 Qxf5 25. Qxf5 Bxf5 26. Bxf8
Kxf8 27. Rd4 Rc8 28. h3 Ne7 29. g4 Nc6 30. Rd5 Be4 31. Rc5 Rd8 32. Re1 Rd4 33.
Kh2 Bd5 34. Rc3 Kg7 35. Kg3 Rd2 36. Ree3 Nd4 37. Rc5 Ne6 38. Ra5 a6 39. f3 Rd4
40. h4 Kf6 41. Kh3 Ke7 42. h5 Kd6 43. h6 Nc7 0-1

[Event "XIV Festival"]
[Site "Padova ITA"]
[Date "2011.12.12"]
[Round "2"]
[White "Djuric, Stefan"]
[Black "De Santis, Alessio"]
[WhiteElo "2459"]
[BlackElo "2318"]
[Result "1-0"]
[PlyCount "143"]
[EventDate "2011.12.11"]

1. c4 b6 2. Nc3 Bb7 3. d4 e6 4. Nf3 Bb4 5. Qb3 a5 6. a3 a4 7. Qc2 Bxc3+ 8. Qxc3
Nf6 9. e3 O-O 10. Bd3 d6 11. O-O Bxf3 12. gxf3 Nbd7 13. Kh1 Ra5 14. Rg1 Rh5 15.
e4 e5 16. Be3 exd4 17. Qxd4 Nc5 18. Bc2 g6 19. Qd2 Nfd7 20. Rg5 Qf6 21. Rg3
Qxb2 22. Rag1 Nb3 23. Qd1 Qf6 24. f4 Ra5 25. f5 Re8 26. Rh3 Nf8 27. f4 c5 28.
Bf2 Ra7 29. Qd5 Nd4 30. Bh4 Qh8 31. Bd3 Rd7 32. Bg5 Qg7 33. fxg6 hxg6 34. f5
Qe5 35. fxg6 Qxd5 36. exd5 fxg6 37. Bf6 Kf7 38. Bxd4 cxd4 39. Bxg6+ Nxg6 40.
Rh7+ Kf6 41. Rxd7 Nf4 42. Rxd6+ Kf5 43. Rxb6 d3 44. d6 Re4 45. d7 Rd4 46. Rb5+
Ke6 47. Rd5 Rxd5 48. cxd5+ Kxd7 49. Rf1 Ne2 50. Rd1 Nf4 51. Kg1 Kd6 52. Kf2
Kxd5 53. Ke3 Ke5 54. Rxd3 Ng2+ 55. Kd2 Nf4 56. Kc3 Ne2+ 57. Kc4 Nf4 58. Rd2 Ke6
59. Kb5 Ke5 60. Kxa4 Ke4 61. Kb5 Ke3 62. Rd6 Nh3 63. a4 Ke4 64. a5 Ke5 65. Rd8
Nf4 66. a6 Ne6 67. Re8 Kd6 68. Rxe6+ Kc7 69. Rc6+ Kd8 70. a7 Kd7 71. a8=Q Ke7
72. Qb7+ 1-0

[Event "XIV Festival"]
[Site "Padova ITA"]
[Date "2011.12.12"]
[Round "2"]
[White "Maiorov, Nikita"]
[Black "Manca, Federico"]
[WhiteElo "2558"]
[BlackElo "2417"]
[Result "1-0"]
[PlyCount "53"]
[EventDate "2011.12.11"]

1. d4 Nf6 2. c4 e6 3. Nc3 Bb4 4. Qc2 d5 5. a3 Bxc3+ 6. Qxc3 Ne4 7. Qc2 c5 8.
dxc5 Nc6 9. cxd5 exd5 10. Nf3 Bf5 11. b4 O-O 12. Bb2 b6 13. Qa4 Rc8 14. cxb6
Qxb6 15. e3 d4 16. Qb5 dxe3 17. Qxb6 axb6 18. fxe3 Rfe8 19. Ba6 Rcd8 20. Bb5
Nc3 21. Bxc6 Rxe3+ 22. Kf1 Nd1 23. Bc1 Rc3 24. Ba4 Bh3 25. gxh3 Rxf3+ 26. Ke2
Rf2+ 27. Ke1 1-0

[Event "XIV Festival"]
[Site "Padova ITA"]
[Date "2011.12.12"]
[Round "2"]
[White "Petkov, Vladimir"]
[Black "Efimov, Igor"]
[WhiteElo "2542"]
[BlackElo "2418"]
[Result "0-1"]
[PlyCount "64"]
[EventDate "2011.12.11"]

1. d4 d5 2. c4 dxc4 3. Nf3 Nf6 4. e3 e6 5. Bxc4 a6 6. O-O c5 7. Bd3 Nbd7 8. e4
cxd4 9. e5 Nd5 10. Re1 Nc5 11. Bf1 d3 12. a3 Bd7 13. Bg5 Ba4 14. Qc1 Qd7 15.
Nbd2 Rc8 16. Qb1 Bc2 17. Qa2 h6 18. Bh4 Be7 19. Bxe7 Qxe7 20. Nd4 O-O 21. Nxc2
dxc2 22. Rac1 Nf4 23. Re3 Qg5 24. Rxc2 Nd7 25. Qb3 Rxc2 26. Qxc2 Nxe5 27. Qc7
Ng4 28. Ne4 Qf5 29. Re1 b5 30. Qb6 Qe5 31. g3 Nd5 32. h3 Nxb6 0-1

[Event "XIV Festival"]
[Site "Padova ITA"]
[Date "2011.12.12"]
[Round "2"]
[White "Rossi, Carlo"]
[Black "Lazic, Miroljub"]
[WhiteElo "2318"]
[BlackElo "2459"]
[Result "0-1"]
[PlyCount "54"]
[EventDate "2011.12.11"]

1. Nc3 e5 2. f4 exf4 3. Nf3 g5 4. d4 g4 5. e4 gxf3 6. Qxf3 Nc6 7. Bxf4 Nxd4 8.
Qh5 Ne6 9. Be5 Nf6 10. Qf5 Bg7 11. Bc4 O-O 12. O-O Ne8 13. Nd5 d6 14. Bc3 c6
15. Ne3 Bxc3 16. bxc3 Qg5 17. Qf3 N6g7 18. Bxf7+ Kh8 19. Qe2 Nf6 20. Bc4 Bg4
21. Qf2 Nd7 22. Qg3 Ne5 23. h4 Nh5 24. Rxf8+ Rxf8 25. Qe1 Qf4 26. Bd3 Ng3 27.
Qd2 Be2 0-1

[Event "XIV Festival"]
[Site "Padova ITA"]
[Date "2011.12.12"]
[Round "2"]
[White "Solomon, Kenny"]
[Black "Solodovnichenko, Yuri"]
[WhiteElo "2426"]
[BlackElo "2629"]
[Result "1/2-1/2"]
[PlyCount "105"]
[EventDate "2011.12.11"]

1. Nf3 g6 2. d4 Bg7 3. e4 d6 4. Bc4 Nf6 5. Qe2 O-O 6. O-O Bg4 7. Nbd2 Nc6 8. c3
e5 9. h3 Bxf3 10. Nxf3 exd4 11. cxd4 d5 12. exd5 Nxd5 13. Be3 Qd6 14. Rad1 Rad8
15. a3 Nce7 16. Bg5 Rde8 17. Rfe1 Nf6 18. Qe5 Nf5 19. Qxd6 Nxd6 20. Bb3 Rxe1+
21. Rxe1 Re8 22. Rxe8+ Nfxe8 23. Kf1 Nf5 24. Be3 c5 25. dxc5 Nxe3+ 26. fxe3
Bxb2 27. Ng5 Bxa3 28. Bxf7+ Kf8 29. Bd5 Nc7 30. Bxb7 Bxc5 31. Nxh7+ Ke7 32. Ke2
a5 33. Bc6 Kd6 34. Be4 a4 35. Bxg6 a3 36. Bb1 Nd5 37. Kd3 Nb4+ 38. Kc3 a2 39.
Bxa2 Nxa2+ 40. Kc4 Bxe3 41. g4 Ke5 42. g5 Kf5 43. h4 Kg6 44. Nf8+ Kf5 45. Nh7
Bf4 46. Nf6 Bg3 47. h5 Be5 48. Nd7 Bh8 49. g6 Kg5 50. Nf8 Kxh5 51. Ne6 Kxg6 52.
Nf4+ Kf5 53. Ne2 1/2-1/2

[Event "XIV Festival"]
[Site "Padova ITA"]
[Date "2011.12.12"]
[Round "2"]
[White "Valsecchi, Alessio"]
[Black "Arnaudov, G. Petar"]
[WhiteElo "2376"]
[BlackElo "2477"]
[Result "1-0"]
[PlyCount "59"]
[EventDate "2011.12.11"]

1. e4 e5 2. Nf3 Nc6 3. Bb5 a6 4. Ba4 Nge7 5. O-O g6 6. c3 Bg7 7. d4 exd4 8.
cxd4 b5 9. Bb3 d6 10. h3 O-O 11. a4 b4 12. a5 h6 13. Bf4 Kh7 14. d5 Nb8 15. Ra4
Bxb2 16. Bxh6 Kxh6 17. Qd2+ Kh7 18. Qxb2 Bd7 19. Rxb4 Bb5 20. e5 Nf5 21. Re1
dxe5 22. Rxe5 Qf6 23. g4 Ng7 24. Ng5+ Kg8 25. Ne4 Qf3 26. Nbd2 Qxh3 27. Nf6+
Kh8 28. Re3 Qh4 29. Kg2 c5 30. Rbe4 1-0

[Event "XIV Festival"]
[Site "Padova ITA"]
[Date "2011.12.12"]
[Round "2"]
[White "Zufic, Miroslav"]
[Black "Epishin, Vladimir V."]
[WhiteElo "2409"]
[BlackElo "2543"]
[Result "1/2-1/2"]
[PlyCount "119"]
[EventDate "2011.12.11"]

1. e4 c5 2. Nf3 d6 3. d4 Nf6 4. Nc3 cxd4 5. Nxd4 Nc6 6. Bg5 Bd7 7. Qd2 h6 8.
Bxf6 gxf6 9. O-O-O h5 10. f4 Nxd4 11. Qxd4 Qb6 12. Qxb6 axb6 13. Kb1 e6 14. Nb5
Ra4 15. Bd3 Ra5 16. c4 Ke7 17. Be2 Bh6 18. Rhf1 Rha8 19. a3 Bxb5 20. cxb5 Rc8
21. g3 h4 22. Rc1 Rc5 23. Ka2 Ra8 24. b4 Rxc1 25. Rxc1 Kd7 26. Bh5 e5 27. Bg4+
Kd8 28. gxh4 exf4 29. Kb3 f5 30. Bxf5 Ke7 31. Rc7+ Kf6 32. Rd7 Bf8 33. Bg4 Ke5
34. Bf3 Kd4 35. e5 Ke3 36. Bxb7 Rb8 37. exd6 f5 38. Bd5 f3 39. Rf7 Bxd6 40.
Rxf5 Bf4 41. Bxf3 Kxf3 42. h5 Kg4 43. Rd5 Re8 44. h3+ Kxh3 45. h6 Rh8 46. a4
Kg4 47. a5 Rxh6 48. Kc4 Kf3 49. Rd7 Ke4 50. Re7+ Be5 51. axb6 Rxb6 52. Kc5 Rb8
53. b6 Rc8+ 54. Kb5 Kd5 55. b7 Rd8 56. Kb6 Bb8 57. Re1 Kd6 58. Rd1+ Ke7 59.
Rxd8 Kxd8 60. Kc6 1/2-1/2

[Event "XIV Festival"]
[Site "Padova ITA"]
[Date "2011.12.13"]
[Round "3"]
[White "Dragojlovic, Andjelko"]
[Black "Parrella, Alfredo"]
[WhiteElo "2386"]
[BlackElo "2100"]
[Result "1-0"]
[PlyCount "23"]
[EventDate "2011.12.11"]

1. e4 e5 2. Nc3 Nf6 3. Bc4 Bb4 4. f4 O-O 5. fxe5 Nxe4 6. Nf3 Nxc3 7. dxc3 Bc5
8. Qd3 d6 9. Ng5 g6 10. Rf1 Qe7 11. Nxf7 Bf5 12. Rxf5 1-0

[Event "XIV Festival"]
[Site "Padova ITA"]
[Date "2011.12.13"]
[Round "3"]
[White "Epishin, Vladimir V."]
[Black "Solomon, Kenny"]
[WhiteElo "2543"]
[BlackElo "2426"]
[Result "1-0"]
[PlyCount "83"]
[EventDate "2011.12.11"]

1. d4 g6 2. g3 Bg7 3. Bg2 d6 4. e4 c5 5. d5 Nf6 6. a4 O-O 7. Ne2 Na6 8. O-O Rb8
9. h3 Nc7 10. Re1 b6 11. Nd2 Ba6 12. Nc3 e6 13. dxe6 fxe6 14. Nf3 d5 15. exd5
exd5 16. Ne5 Bb7 17. Bg5 h6 18. Bxf6 Qxf6 19. Qd2 Rfd8 20. Nb5 Nxb5 21. axb5
Qd6 22. f4 a5 23. bxa6 Ba8 24. c4 d4 25. Nd3 Rd7 26. Qe2 Bxg2 27. Kxg2 Ra7 28.
Qe6+ Qxe6 29. Rxe6 b5 30. b3 bxc4 31. bxc4 Kf7 32. Rc6 Rb3 33. Ne5+ Bxe5 34.
fxe5 d3 35. Kf2 Rb2+ 36. Ke3 Re2+ 37. Kxd3 Rxe5 38. Rb6 Rd7+ 39. Kc2 Re2+ 40.
Kb3 Re3+ 41. Ka4 Rc3 42. Kb5 1-0

[Event "XIV Festival"]
[Site "Padova ITA"]
[Date "2011.12.13"]
[Round "3"]
[White "Lazic, Miroljub"]
[Black "Bellini, Fabio"]
[WhiteElo "2459"]
[BlackElo "2513"]
[Result "1/2-1/2"]
[PlyCount "82"]
[EventDate "2011.12.11"]

1. d4 d5 2. Nf3 Nf6 3. Bf4 g6 4. h3 Bg7 5. c3 O-O 6. Nbd2 c5 7. e3 cxd4 8. exd4
Qb6 9. Qb3 Qe6+ 10. Be2 Nh5 11. Bh2 Nc6 12. Kf1 a6 13. Re1 Qd7 14. Ne5 Bxe5 15.
dxe5 Ng7 16. Rd1 b5 17. a4 bxa4 18. Qa2 Qb7 19. Qxa4 Be6 20. Nf3 d4 21. Nxd4
Nxd4 22. Qxd4 Qxb2 23. Bf4 a5 24. Bf3 Rac8 25. Kg1 a4 26. Kh2 a3 27. Bg5 Nf5
28. Qa7 Qxc3 29. Rhe1 Rc7 30. Qa6 Nd4 31. Re3 Nxf3+ 32. Rxf3 Qxe5+ 33. Bf4 Qc5
34. Rc1 Qa7 35. Rxa3 Qxa6 36. Rxa6 Rxc1 37. Bxc1 Rc8 38. Bf4 h5 39. Rb6 Rc4 40.
Bg5 Rc7 41. Bf4 Rc4 1/2-1/2

[Event "XIV Festival"]
[Site "Padova ITA"]
[Date "2011.12.13"]
[Round "3"]
[White "Quaranta, Cristiano"]
[Black "Bove, Alessandro"]
[WhiteElo "2118"]
[BlackElo "2369"]
[Result "0-1"]
[PlyCount "58"]
[EventDate "2011.12.11"]

1. d4 Nf6 2. c4 e6 3. g3 c5 4. d5 exd5 5. cxd5 Bd6 6. Nc3 O-O 7. Bg2 Bc7 8. Nh3
d6 9. O-O a6 10. a4 Nbd7 11. Re1 Re8 12. Qc2 Ba5 13. Bd2 Nf8 14. Nf4 Bd7 15. e4
Rc8 16. Nb1 c4 17. b4 c3 18. Nxc3 Bxb4 19. Qb2 Bc5 20. Nd3 Ng4 21. Nxc5 Rxc5
22. f3 Ne5 23. Qxb7 Qf6 24. Rf1 Nc4 25. Be1 Ne3 26. Qxa6 Nxf1 27. Qxf1 Rxc3 28.
Bxc3 Qxc3 29. a5 Ra8 0-1

[Event "XIV Festival"]
[Site "Padova ITA"]
[Date "2011.12.13"]
[Round "3"]
[White "Zufic, Miroslav"]
[Black "Laketic, Gojko"]
[WhiteElo "2409"]
[BlackElo "2444"]
[Result "1/2-1/2"]
[PlyCount "123"]
[EventDate "2011.12.11"]

1. e4 Nf6 2. e5 Nd5 3. d4 d6 4. Nf3 Bg4 5. Be2 e6 6. O-O Be7 7. h3 Bh5 8. c4
Nb6 9. Nc3 O-O 10. Be3 a5 11. exd6 cxd6 12. Qb3 N8d7 13. Rac1 Rc8 14. Na4 Nxa4
15. Qxa4 Qc7 16. Rfd1 Rfd8 17. Qb5 Bg6 18. d5 e5 19. a3 f6 20. b4 Be8 21. bxa5
Nc5 22. Qb4 Ra8 23. Rb1 Rdc8 24. Bxc5 Qxc5 25. Qxb7 Bd8 26. Nd2 f5 27. Nb3 Qxa3
28. Ra1 Qb2 29. Rd2 Qc3 30. Rc1 Rcb8 31. Rxc3 Rxb7 32. Ra2 Rb4 33. a6 Ba4 34.
Ra3 Bf6 35. c5 e4 36. Rc4 Rxb3 37. Raxa4 Rb1+ 38. Bf1 dxc5 39. Rxc5 Rd1 40. Rb5
Bd4 41. g3 Rd2 42. Bc4 Bxf2+ 43. Kf1 Bxg3 44. d6+ Kh8 45. Rd5 e3 46. Rxd2 exd2
47. Ke2 Bxd6 48. Bd5 Ra7 49. Bb7 g6 50. Rd4 Be5 51. Rxd2 Kg7 52. Rd7+ Kh6 53.
Kd3 Bg3 54. Kd4 g5 55. Kd5 g4 56. hxg4 fxg4 57. Ke4 Bf2 58. Kf4 g3 59. Rd6+ Kg7
60. Rd7+ Kf6 61. Rd6+ Kg7 62. Rd7+ 1/2-1/2

[Event "XIV Festival"]
[Site "Padova ITA"]
[Date "2011.12.13"]
[Round "4"]
[White "Bellini, Fabio"]
[Black "Solodovnichenko, Yuri"]
[WhiteElo "2513"]
[BlackElo "2629"]
[Result "1/2-1/2"]
[PlyCount "91"]
[EventDate "2011.12.11"]

1. e4 c5 2. Nf3 e6 3. c3 Nf6 4. e5 Nd5 5. g3 Nc6 6. Bg2 d6 7. exd6 Bxd6 8. d4
cxd4 9. Nxd4 Nxd4 10. Qxd4 O-O 11. O-O Qc7 12. Nd2 Rd8 13. Qc4 Bc5 14. Qe2 Be7
15. Re1 Bd7 16. Bxd5 exd5 17. Nb3 Bd6 18. Qf3 Re8 19. Bf4 Bxf4 20. Qxf4 Qxf4
21. gxf4 Ba4 22. Nd4 Re4 23. Rxe4 dxe4 24. Re1 Re8 25. f5 Bd7 26. Kg2 g5 27.
fxg6 hxg6 28. Kg3 Kg7 29. Kf4 f5 30. f3 exf3 31. Nxf3 Rxe1 32. Nxe1 Bc6 33. Nd3
Kh6 34. Ne5 Bd5 35. c4 Be6 36. h4 a5 37. b3 b6 38. a3 Kh5 39. b4 axb4 40. axb4
Bc8 41. c5 bxc5 42. bxc5 Bb7 43. Nf3 Bd5 44. Kg3 Bb7 45. Kf4 Bd5 46. Kg3
1/2-1/2

[Event "XIV Festival"]
[Site "Padova ITA"]
[Date "2011.12.13"]
[Round "4"]
[White "Djuric, Stefan"]
[Black "Dragojlovic, Andjelko"]
[WhiteElo "2459"]
[BlackElo "2386"]
[Result "1/2-1/2"]
[PlyCount "29"]
[EventDate "2011.12.11"]

1. Nf3 Nf6 2. c4 g6 3. g3 Bg7 4. Bg2 O-O 5. O-O d5 6. cxd5 Nxd5 7. d4 c5 8.
dxc5 Na6 9. Ng5 e6 10. Ne4 Bd7 11. Nbc3 Bc6 12. Rb1 Nxc3 13. Nxc3 Bxg2 14. Kxg2
Nxc5 15. Ra1 1/2-1/2